Digital electronics (Record no. 180229)

000 -LEADER
fixed length control field 00325nam a2200121Ia 4500
008 - FIXED-LENGTH DATA ELEMENTS--GENERAL INFORMATION
fixed length control field 220217s9999||||xx |||||||||||||| ||und||
082 ## - DEWEY DECIMAL CLASSIFICATION NUMBER
Classification number 621.381 YEL
100 ## - MAIN ENTRY--PERSONAL NAME
Personal name Yeliagar, Asha, V
245 #0 - TITLE STATEMENT
Title Digital electronics
260 ## - PUBLICATION, DISTRIBUTION, ETC.
Place of publication, distribution, etc. Vijay educational publication
Name of publisher, distributor, etc. New Delhi
Date of publication, distribution, etc. 2010
300 ## - PHYSICAL DESCRIPTION
Other physical details 120
650 ## - SUBJECT ADDED ENTRY--TOPICAL TERM
Topical term or geographic name entry element ELECTRONICS
Holdings
Withdrawn status Lost status Damaged status Not for loan Collection code Home library Current library Shelving location Date acquired Full call number Barcode Date last seen Price effective from Koha item type
        Electronics and Communication Engineering Central Library Central Library Reference 02/18/2022 621.381 YEL 15418 02/18/2022 02/18/2022 Books

Powered by Koha